Statistics for Lana del rey - Get free

Click here to take the quiz!

General Stats

  • This quiz has been taken 30 times
  • The average score is 276 of 322

Answer Stats

Answer% Correct
a
100%
ah,
100%
(ah,
100%
an
100%
get
100%
I
100%
in
100%
it
100%
my
100%
of
100%
the
100%
The
100%
To
100%
to
100%
all
95%
and
95%
And
95%
but
95%
But
95%
decide
95%
do
95%
game
95%
got
95%
I'm
95%
is
95%
I've
95%
keep
95%
life
95%
like
95%
Like
95%
mind
95%
never
95%
no
95%
not
95%
or
95%
(Out
95%
Out
95%
out
95%
own
95%
play
95%
someone's
95%
Sometimes
95%
That
95%
that
95%
This
95%
wanna
95%
war
95%
we
95%
chance
89%
doing
89%
feels
89%
Finally
89%
For
89%
for
89%
live
89%
noticed
89%
now
89%
paradise
89%
really
89%
ride
89%
riding
89%
us
89%
Who
89%
who
89%
black
84%
black)
84%
blue)
84%
blue
84%
crossing
84%
have
84%
heart
84%
(Into
84%
Into
84%
manifesto
84%
modern
84%
move
84%
ordinary
84%
Were
84%
were
84%
you
84%
at
79%
birds
79%
caught
79%
'Cause
79%
dance
79%
fly
79%
from
79%
From
79%
had
79%
night
79%
they
79%
up
79%
commitment
74%
darkness
74%
on
74%
reveal
74%
Take
74%
world
74%
arts
68%
certain
68%
dead
68%
right
68%
sea
68%
try
68%
was
68%
Was
68%
are
63%
comes
63%
(hold,
63%
hold)
63%
hold
63%
rainbows
63%
(shut up,
63%
shut up)
63%
them
63%
(touch,
63%
touch
63%
touch)
63%
will
63%
your
63%
colors
58%
energies
58%
Gone
58%
hoping
58%
then
58%
threshold
58%
yeah)
58%
as
53%
burden
53%
chasing
53%
end
53%
first
53%
nothing
53%
part
53%
put
53%
solid
53%
There's
53%
way
53%
being
47%
combined
47%
glance
47%
illusions
47%
more
47%
trance
47%
Undoubtedly
47%
arches
42%
found
42%
used
42%
lure
32%
Crowley
21%
discerning
16%
(shut up,
0%
shut up)
0%
Thier
0%

Score Distribution

Percentile by Number Answered

Percent of People with Each Score

Your Score History

You have not taken this quiz